000 00240nam a2200097Ia 4500
001 640191
005 20250826153442.0
008 250824s9999 xx 000 0 und d
245 0 _a12 Devlerin Savaşı
_cR. L. Stine
260 _bBEYAZ BALİNA
999 _c640191
_d640191